000 00987nam a2200301 i 4500
001 000010424
003 DO-SdBNP
005 20241209092948.0
007 ta
008 091007s1983 dr 000 p spa d
040 _aDO-SdBNP
_bspa
_cBNPHU
_erda
041 _aspa
082 4 _aRD861.44
_bJ86s 1983
_222
100 1 _aJovine Bermúdez, Federico,
_d1944-2017
_eautor
_4aut.
_925425
245 1 0 _aSalvo error u omisión /
_cFederico Jovine Bermúdez.
250 _aPrimera edición
264 1 _aSanto Domingo, Pública Dominicana :
_bEditora Alfa & Omega,
_c1983.
300 _a125 páginas ;
_c20 cm.
336 _atexto
_btxt
_2rdacontent
337 _asin mediación
_bn
_2rdamedia
338 _avolumen
_bnc
_2rdacarrier
500 _aIncluye datos biográficos del autor en la contraportada
590 _aInventariado, 2019/VM
650 0 _aPoesía dominicana
_966
650 0 _aLiteratura dominicana.
_967
910 _aValidado. Control de calidad MFF
942 _2ddc
_cLBS1
999 _c10183
_d10183